000 00300 a2200145 4500
001 155428
040 _cEscola São Tomás de Aquino
240 1 0 _aGramática
_lpor
245 1 0 _aGramática
300 _a48
362 0 _a2016
440 1 _aModerna
697 _aLíngua portuguesa
942 _cBK
999 _c155428
_d155428